00680nam a2200169 a 4500003000400000005001700004008003900021016001900060040001400079100002700093245020200120260008300322300002600405650002300431650002200454710003400476OSt20211227130543.0A00321s1972 sp 000 spa aDL M15965-1974 bcatcCDMR aTodolí Duque, José10aEticidad en las publicaciones infantiles y juveniles: [V curso para la obtención del diploma en publicaciones infantiles y juveniles, Madrid 12 febrero-8 marzo 1973] / cpor José Todolí Duque aMadrid : bPublicaciones de la Secretaría de la Escuela de Periodismo,c1974 a14 pàginesc; 22 cm00aRevistes infantils00aRevistes juvenils2 aEscuela Oficial de Periodismo